| 000 | 00637na a2200229 4500 | ||
|---|---|---|---|
| 001 | 19378 | ||
| 003 | MIRAKIL | ||
| 005 | 20181213155125.0 | ||
| 008 | 161214b tu 000 0 | ||
| 035 | _a19378 | ||
| 040 |
_aMilas _btur _cTR-AnCHP |
||
| 041 | _atur | ||
| 082 |
_a331.8 _bS35 2004 |
||
| 090 | _a331.8 S35 2004 | ||
| 245 |
_aTürkiye sendikal hareketin yol haritası _cBelediye İş Sendikası |
||
| 260 |
_a[Ankara] _bBelediye İş Sendikası _c2004 |
||
| 300 |
_a70 s. _c20 sm. |
||
| 650 |
_aSendikalar _zTürkiye |
||
| 650 |
_aSendikal örgütlenme _zTürkiye |
||
| 710 | _aBelediye İş Sendikası | ||
| 942 |
_2ddc _cBKS |
||
| 999 |
_c7004 _d7004 |
||